<?xml version="1.0" encoding="UTF-8"?>
<record
    xmlns:xsi="http://www.w3.org/2001/XMLSchema-instance"
    xsi:schemaLocation="http://www.loc.gov/MARC21/slim http://www.loc.gov/standards/marcxml/schema/MARC21slim.xsd"
    xmlns="http://www.loc.gov/MARC21/slim">

  <leader>02026nam0a2200349   4500</leader>
  <controlfield tag="001">RU\NLR\BIBL_A\022194752</controlfield>
  <controlfield tag="005">20250627120330.0</controlfield>
  <datafield tag="010" ind1=" " ind2=" ">
    <subfield code="a">978-5-901805-15-2</subfield>
    <subfield code="9">1000</subfield>
  </datafield>
  <datafield tag="035" ind1=" " ind2=" ">
    <subfield code="a">(NLR Aleph) 022194752</subfield>
  </datafield>
  <datafield tag="090" ind1=" " ind2=" ">
    <subfield code="a">13321367</subfield>
    <subfield code="c">13321367</subfield>
  </datafield>
  <datafield tag="100" ind1=" " ind2=" ">
    <subfield code="a">20240411d2022    |||y0rusy50      ca</subfield>
  </datafield>
  <datafield tag="101" ind1="0" ind2=" ">
    <subfield code="a">rus</subfield>
  </datafield>
  <datafield tag="102" ind1=" " ind2=" ">
    <subfield code="a">RU</subfield>
  </datafield>
  <datafield tag="105" ind1=" " ind2=" ">
    <subfield code="a">abchz   000yy</subfield>
  </datafield>
  <datafield tag="181" ind1=" " ind2="0">
    <subfield code="a">i3</subfield>
    <subfield code="b">axxe  </subfield>
  </datafield>
  <datafield tag="182" ind1=" " ind2="0">
    <subfield code="a">n</subfield>
  </datafield>
  <datafield tag="200" ind1="1" ind2=" ">
    <subfield code="a">&#x42D;&#x442;&#x43E; &#x441;&#x442;&#x43E;&#x438;&#x43B;&#x43E; &#x41F;&#x435;&#x440;&#x443;!</subfield>
    <subfield code="e">&#x440;&#x435;&#x43B;&#x44F;&#x446;&#x438;&#x44F; &#x43E;&#x431; &#x43E;&#x442;&#x43A;&#x440;&#x44B;&#x442;&#x438;&#x438; &#x438; &#x437;&#x430;&#x432;&#x43E;&#x435;&#x432;&#x430;&#x43D;&#x438;&#x438; &#x43A;&#x43E;&#x440;&#x43E;&#x43B;&#x435;&#x432;&#x441;&#x442;&#x432; &#x41F;&#x435;&#x440;&#x443;, &#x43E; &#x43F;&#x440;&#x430;&#x432;&#x43B;&#x435;&#x43D;&#x438;&#x438; &#x438; &#x43E;&#x431;&#x440;&#x430;&#x437;&#x435; &#x436;&#x438;&#x437;&#x43D;&#x438; &#x43C;&#x435;&#x441;&#x442;&#x43D;&#x44B;&#x445; &#x442;&#x443;&#x437;&#x435;&#x43C;&#x446;&#x435;&#x432;, &#x43E; &#x441;&#x43E;&#x43A;&#x440;&#x43E;&#x432;&#x438;&#x449;&#x430;&#x445;, &#x43D;&#x430;&#x439;&#x434;&#x435;&#x43D;&#x43D;&#x44B;&#x445; &#x432; &#x441;&#x435;&#x439; &#x437;&#x435;&#x43C;&#x43B;&#x435; &#x438; &#x43E; &#x442;&#x43E;&#x43C;, &#x447;&#x442;&#x43E; &#x437;&#x434;&#x435;&#x441;&#x44C; &#x43F;&#x440;&#x43E;&#x438;&#x441;&#x445;&#x43E;&#x434;&#x438;&#x43B;&#x43E; &#x432;&#x43F;&#x43B;&#x43E;&#x442;&#x44C; &#x434;&#x43E; &#x43D;&#x44B;&#x43D;&#x435;&#x448;&#x43D;&#x435;&#x433;&#x43E; &#x432;&#x440;&#x435;&#x43C;&#x435;&#x43D;&#x438;, &#x43D;&#x430;&#x43F;&#x438;&#x441;&#x430;&#x43D;&#x430; &#x41F;&#x435;&#x434;&#x440;&#x43E; &#x41F;&#x438;&#x441;&#x430;&#x440;&#x440;&#x43E;, &#x43A;&#x43E;&#x43D;&#x43A;&#x438;&#x441;&#x442;&#x430;&#x434;&#x43E;&#x440;&#x43E;&#x43C; &#x438; &#x43A;&#x43E;&#x43B;&#x43E;&#x43D;&#x438;&#x441;&#x442;&#x43E;&#x43C; &#x441;&#x438;&#x445; &#x43A;&#x43E;&#x440;&#x43E;&#x43B;&#x435;&#x432;&#x441;&#x442;&#x432;, &#x436;&#x438;&#x442;&#x435;&#x43B;&#x435;&#x43C; &#x433;&#x43E;&#x440;&#x43E;&#x434;&#x430; &#x410;&#x440;&#x435;&#x43A;&#x438;&#x43F;&#x430;, &#x432; 1571 &#x433;&#x43E;&#x434;&#x443;</subfield>
    <subfield code="f">&#x410;&#x43D;&#x434;&#x440;&#x435;&#x439; &#x41A;&#x43E;&#x444;&#x43C;&#x430;&#x43D;</subfield>
  </datafield>
  <datafield tag="203" ind1=" " ind2=" ">
    <subfield code="a">&#x422;&#x435;&#x43A;&#x441;&#x442;</subfield>
    <subfield code="b">&#x432;&#x438;&#x437;&#x443;&#x430;&#x43B;&#x44C;&#x43D;&#x44B;&#x439;</subfield>
    <subfield code="c">&#x43D;&#x435;&#x43F;&#x43E;&#x441;&#x440;&#x435;&#x434;&#x441;&#x442;&#x432;&#x435;&#x43D;&#x43D;&#x44B;&#x439;</subfield>
  </datafield>
  <datafield tag="210" ind1=" " ind2=" ">
    <subfield code="a">&#x41C;&#x43E;&#x441;&#x43A;&#x432;&#x430;</subfield>
    <subfield code="c">&#x41A;&#x440;&#x438;&#x433;&#x430;</subfield>
    <subfield code="d">2022 (&#x43F;&#x435;&#x447;. 2021)</subfield>
  </datafield>
  <datafield tag="215" ind1=" " ind2=" ">
    <subfield code="a">422, [1] &#x441;.</subfield>
    <subfield code="c">&#x438;&#x43B;., &#x446;&#x432;. &#x438;&#x43B;., &#x43A;&#x430;&#x440;&#x442;&#x44B;, &#x43F;&#x43E;&#x440;&#x442;&#x440;., &#x444;&#x430;&#x43A;&#x441;.</subfield>
    <subfield code="d">25</subfield>
  </datafield>
  <datafield tag="300" ind1=" " ind2=" ">
    <subfield code="a">&#x41D;&#x430; 422-&#x439; &#x441;. &#x430;&#x432;&#x442;.: &#x41A;&#x43E;&#x444;&#x43C;&#x430;&#x43D; &#x410;. &#x424;., &#x434;-&#x440; &#x444;&#x438;&#x43B;&#x43E;&#x43B;. &#x43D;&#x430;&#x443;&#x43A;</subfield>
  </datafield>
  <datafield tag="320" ind1=" " ind2=" ">
    <subfield code="a">&#x411;&#x438;&#x431;&#x43B;&#x438;&#x43E;&#x433;&#x440;.: &#x441;. 419&#x2013;421 &#x438; &#x432; &#x43F;&#x43E;&#x434;&#x441;&#x442;&#x440;&#x43E;&#x447;. &#x43F;&#x440;&#x438;&#x43C;&#x435;&#x447;.</subfield>
  </datafield>
  <datafield tag="320" ind1=" " ind2=" ">
    <subfield code="a">&#x414;&#x440;&#x443;&#x433;&#x438;&#x435; &#x43A;&#x43D;. &#x430;&#x432;&#x442;. &#x43D;&#x430; 422-&#x439; &#x441;.</subfield>
  </datafield>
  <datafield tag="606" ind1="1" ind2=" ">
    <subfield code="a">&#x41A;&#x43E;&#x43B;&#x43E;&#x43D;&#x438;&#x437;&#x430;&#x446;&#x438;&#x44F;</subfield>
    <subfield code="j">&#x418;&#x441;&#x442;&#x43E;&#x447;&#x43D;&#x438;&#x43A;&#x438; &#x438; &#x438;&#x441;&#x442;&#x43E;&#x447;&#x43D;&#x438;&#x43A;&#x43E;&#x432;&#x435;&#x434;&#x435;&#x43D;&#x438;&#x435;</subfield>
    <subfield code="y">&#x41B;&#x430;&#x442;&#x438;&#x43D;&#x441;&#x43A;&#x430;&#x44F; &#x410;&#x43C;&#x435;&#x440;&#x438;&#x43A;&#x430;</subfield>
    <subfield code="z">16 &#x432;.</subfield>
    <subfield code="9">2355029</subfield>
    <subfield code="3">RU\NLR\AUTH\661406733</subfield>
  </datafield>
  <datafield tag="607" ind1=" " ind2=" ">
    <subfield code="a">&#x41F;&#x435;&#x440;&#x443;</subfield>
    <subfield code="j">&#x418;&#x441;&#x442;&#x43E;&#x447;&#x43D;&#x438;&#x43A;&#x438; &#x438; &#x438;&#x441;&#x442;&#x43E;&#x447;&#x43D;&#x438;&#x43A;&#x43E;&#x432;&#x435;&#x434;&#x435;&#x43D;&#x438;&#x435;</subfield>
    <subfield code="x">&#x418;&#x441;&#x442;&#x43E;&#x440;&#x438;&#x44F;</subfield>
    <subfield code="9">999622</subfield>
    <subfield code="3">RU\NLR\AUTH\6661102</subfield>
  </datafield>
  <datafield tag="686" ind1="1" ind2=" ">
    <subfield code="a">&#x422;3(70)4-69,01</subfield>
  </datafield>
  <datafield tag="686" ind1="1" ind2=" ">
    <subfield code="a">&#x422;3(7&#x41F;&#x435;)0,02</subfield>
  </datafield>
  <datafield tag="700" ind1=" " ind2="1">
    <subfield code="a">&#x41A;&#x43E;&#x444;&#x43C;&#x430;&#x43D;</subfield>
    <subfield code="b">&#x410;. &#x424;.</subfield>
    <subfield code="f">1954-</subfield>
    <subfield code="g">&#x410;&#x43D;&#x434;&#x440;&#x435;&#x439; &#x424;&#x435;&#x434;&#x43E;&#x440;&#x43E;&#x432;&#x438;&#x447;</subfield>
  </datafield>
  <datafield tag="942" ind1=" " ind2=" ">
    <subfield code="c">BOOK</subfield>
  </datafield>
  <datafield tag="980" ind1=" " ind2=" ">
    <subfield code="a">NB</subfield>
  </datafield>
  <datafield tag="995" ind1=" " ind2=" ">
    <subfield code="5">2024-04-11</subfield>
    <subfield code="a">aa</subfield>
    <subfield code="b">NLR01</subfield>
    <subfield code="c">NLR01</subfield>
    <subfield code="e">RF81</subfield>
    <subfield code="f">1-4860394</subfield>
    <subfield code="k">2025-7/1464</subfield>
    <subfield code="o">0</subfield>
    <subfield code="p">1998.20</subfield>
    <subfield code="r">BOOK</subfield>
    <subfield code="s">202571464_</subfield>
  </datafield>
  <datafield tag="995" ind1=" " ind2=" ">
    <subfield code="5">2025-03-06</subfield>
    <subfield code="b">NLR02</subfield>
    <subfield code="c">NLR02</subfield>
    <subfield code="e">UCHZ</subfield>
    <subfield code="f">ERR-350384</subfield>
    <subfield code="o">0</subfield>
    <subfield code="p">0.00</subfield>
    <subfield code="r">BOOK</subfield>
  </datafield>
  <datafield tag="995" ind1=" " ind2=" ">
    <subfield code="5">2025-03-06</subfield>
    <subfield code="b">NLR01</subfield>
    <subfield code="c">NLR01</subfield>
    <subfield code="e">ZGL</subfield>
    <subfield code="f">ERR-350386</subfield>
    <subfield code="o">0</subfield>
    <subfield code="p">0.00</subfield>
    <subfield code="r">BOOK</subfield>
  </datafield>
</record>
